000 01088nam a2200265Ia 4500
003 OSt
005 20221005104750.0
006 a|||||r|||| 00| 0
007 ta
008 221004b |||||||| |||| 00| 0 hin d
020 _a9789380172590 (pbk)
_c280
024 _a8781
037 _b20478, 08/01/2014, Hindi Madhyam Karyanvyan Nideshalye
_cTextual
040 _aCRL
_cCRL
_bhin
041 _2hin
_ahin
082 _aX:71, 152Q3
100 _aजयकिशन, संपा.
245 0 _aव्यष्टि अर्थशास्त्र के सिद्धांत
246 _aVyaṣhṭi arthashāstra ke siddhāanta
260 _aदिल्ली
_bविश्वविद्यालय हिन्दी माध्यम कार्यान्वय निदेशालय भारत
_c2013
300 _a225पृ0
_ccm.
650 _aअर्थशास्त्र
942 _hX:71, 152Q3
_cTEXL
_2cc
999 _c1013713
_d1013713